000 00374nab a22001097u 4500
008 130520b2006 xxu||||| |||| 00| 0 spa d
041 _aspa
100 1 _aSalla, Jean-Bertrand
_975860
245 0 0 _aIglesias históricas y moral familiar y sexual: homosexualidad y sida
_cJean-Bertrand Salla
773 0 _tConcilium
_gnº317,2006,págs. 107-118
_x0210-1041
_wRev134
942 _cAR
999 _c378563
_d378563